Library Banner

Iran and the rise of its neoconservativds : (Record no. 107320)

MARC details
000 -LEADER
fixed length control field 00502nam a2200157 4500
005 - DATE AND TIME OF LATEST TRANSACTION
control field 20180903115440.0
008 - FIXED-LENGTH DATA ELEMENTS--GENERAL INFORMATION
fixed length control field 180903b ||||| |||| 00| 0 eng d
020 ## - INTERNATIONAL STANDARD BOOK NUMBER
International Standard Book Number 9781845113889
040 ## - CATALOGING SOURCE
Transcribing agency PK-LaUMT
082 ## - DEWEY DECIMAL CLASSIFICATION NUMBER
Classification number 320.955
Item number EHT-I
100 ## - MAIN ENTRY--PERSONAL NAME
Personal name Ehteshami, Anoushiravan
245 ## - TITLE STATEMENT
Title Iran and the rise of its neoconservativds :
Remainder of title the political of Tehran's silent revoltion /
Statement of responsibility, etc Anoushiravan Ehteshami and Mahjoob Zweiri
260 ## - PUBLICATION, DISTRIBUTION, ETC. (IMPRINT)
Place of publication, distribution, etc London :
Name of publisher, distributor, etc I. B. Tauris,
Date of publication, distribution, etc 1988
300 ## - PHYSICAL DESCRIPTION
Extent 215 p.
942 ## - ADDED ENTRY ELEMENTS (KOHA)
Koha item type Books
Holdings
Withdrawn status Lost status Damaged status Home library Current library Date acquired Full call number Barcode Date last seen Price effective from Koha item type
      UMT Main Campus UMT Main Campus 2018-09-03 320.955 EHT-I 123080 2024-01-12 2018-09-03 Books